Statistics for All-NBA Second Team Players

Click here to take the quiz!

General Stats

  • This quiz has been taken 56 times
    (26 since last reset)
  • The average score is 48 of 78

Answer Stats

Year Guard % Correct
Shaquille O'Neal
95%
2018Russell Westbrook
95%
Tim Duncan
95%
Kevin Garnett
90%
Jason Kidd
90%
2017Kevin Durant
90%
Stephen Curry
90%
LeBron James
90%
Ray Allen
85%
2011Dwyane Wade
85%
Kobe Bryant
85%
2014Tony Parker
85%
Giannis Antetokounmpo
85%
Marc Gasol
80%
Moses Malone
80%
Larry Johnson
80%
2010Steve Nash
80%
Dirk Nowitzki
80%
Kevin Johnson
80%
2016Draymond Green
80%
Scottie Pippen
80%
John Stockton
80%
2015Pau Gasol
80%
Karl Malone
80%
Paul Pierce
80%
Vince Carter
75%
Dwight Howard
75%
Jermaine O'Neal
75%
Kawhi Leonard
75%
Chris Bosh
75%
Allen Iverson
70%
Tim Hardaway
70%
2019Kyrie Irving
70%
Damian Lillard
70%
Chris Paul
70%
Tracy McGrady
65%
2013Carmelo Anthony
65%
Joel Embiid
65%
Charles Barkley
65%
Hakeem Olajuwon
65%
Deron Williams
65%
David Robinson
65%
Amar'e Stoudemire
65%
Isiah Thomas
60%
Larry Bird
60%
Isaiah Thomas
60%
DeMarcus Cousins
60%
Ben Wallace
60%
Gary Payton
55%
Yao Ming
55%
Kevin Love
55%
Grant Hill
55%
Chris Webber
55%
Alonzo Mourning
55%
2006Chauncey Billups
50%
Patrick Ewing
50%
Clyde Drexler
50%
Blake Griffin
45%
DeMar DeRozan
45%
Joe Dumars
45%
Rudy Gobert
45%
LaMarcus Aldridge
45%
Dikembe Mutombo
40%
Chris Mullin
35%
Shawn Kemp
35%
2012Andrew Bynum
35%
Peja Stojakovic
35%
Glen Rice
30%
Elton Brand
30%
2007Gilbert Arenas
30%
Dominique Wilkins
30%
Mitch Richmond
25%
2009Brandon Roy
25%
Sam Cassell
15%
Vin Baker
10%
Tom Chambers
10%
Rod Strickland
10%
Fat Lever
5%

Score Distribution

Percentile by Number Answered

Percent of People with Each Score

Your Score History

You have not taken this quiz since the last reset